000 01027 a2200241 4500
001 54929
005 20260407155824.0
008 260407a1978 arg spa d
003 AR-UNSa-BCEJYS
040 _aAR-UNSa-BCEJYS
_bspa
_cAR-UNSa-BCEJYS
080 _a330
_xEconomía en general
245 1 0 _aIntroducción a la economía
_pun enfoque estructuralista
020 _a968-23-0134-3
250 _a28a. ed.
264 1 _aMéxico :
_bSiglo Veintiuno editores
_c1978
300 _a164 p.
_c21 cm.
505 _a1. El sistema económico – 2.El sistema económico (producción y el destino de los flujos) – 3.La circulación en el sistema económico – 4.Relaciones con el exterior – 5.El sector público – 6. El sistema monetario-financiero – 7.La unidad productiva en el sistema económico – 8.El reparto de la producción en el sistema económico.
041 _aspa
942 _cBK
590 _aniveau_biblio:m niveau_hierar:0
100 1 _aBarros de Castro, Antonio
700 1 _aLessa, Carlos Francisco
999 _c5829
_d5829